000 00599nam a2200193 a 4500
005 20140412111234.0
008 001207s19uu xx 00 eng d
020 _a0-394-8290-4
050 _aER
_bWo81 1974
100 _aSeuss, Dr.
245 _aThere's a wocket in my pocket! /
_cDr. Seuss.
260 _aNew York :
_bRandom House.
300 _a1 v. (unp.) ; ill. ; 24 cm.
440 _aBeginner Books
520 _aA household of unusual creatures help beginning readers recognize common "household" words.
650 _aStories in rhyme
650 _aChildren stories
999 _c102312
_d102312